| 000 | 00565 a2200241 4500 | ||
|---|---|---|---|
| 260 | _aParis | ||
| 630 | _a658 - Gestion commerciale | ||
| 037 | _b1, Achat | ||
| 650 | _a6 - SCIENCES APPLIQUEES | ||
| 100 | _aQuinn, James Brian | ||
| 260 | _bDunod | ||
| 245 | _aL'entreprise intelligente : savoir, services et technologie | ||
| 300 | _a513 p. | ||
| 650 | _aEntreprise : stratégie | ||
| 260 | _c1994 | ||
| 300 | _b24cm | ||
| 100 | _lFr | ||
| 037 | _aDe 8442 | ||
| 700 | _aMeyer, Isabelle | ||
| 020 | _a2 10 002212 1 | ||
| 999 |
_c42014 _d42014 |
||